000 00445nam a2200193Ia 4500
005 20250603145030.0
008 250603s9999 xx 000 0 und d
020 _a8123909314
050 _aTN 870 .L42/
100 _aLenvorsen, Arville Irving.
245 0 _aGeology of petroleum
250 _a2nd ed.
260 _aNew Delhi
260 _bSatish Kumar Jain
260 _c2004
300 _a724 p
650 _aNew Delhi
942 _cBK
999 _c40668
_d40668